000 00791cam a22002773a 4500
001 424
003 PGUSA
005 20140828082948.0
008 960201s1996||||xxu|||||s|||||000 p eng d
040 _aPGUSA
_beng
042 _adc
050 4 _aPS
100 1 _aLindsay, Vachel,
_d1879-1931
245 1 0 _aGeneral William Booth Enters into Heaven, and Other Poems
_h[electronic resource] /
_cVachel Lindsay
260 _bProject Gutenberg,
_c1996
506 _aPublic domain in the USA.
516 _aElectronic text
653 _aPastoral poetry
653 _aBooth, William, 1829-1912
653 _aFantasy poetry
653 _aAmerican poetry
653 _aDidactic poetry
830 0 _aProject Gutenberg
_v424
856 4 0 _uhttp://www.gutenberg.org/ebooks/424
942 _cEB
999 _c229775
_d229775